Statistiken für Fußballer, die bei Bayern UND Dortmund gespielt haben

Klicken Sie hier um das Quiz zu spielen!

Allgemein

  • Dieses Quiz wurde 306 mal gespielt
    (180 seit der letzten Aktualisierung)
  • Das Durchschnittsergebnis liegt bei 8 aus 20

Antwortstatistiken

ZeitraumPositionSpiele FCBSpiele BVBSpieler% Korrekt
2000er/2010er/
2020er
Abwehr75367*Mats Hummels
99%
2000er/2010erMittelfeld73158Mario Götze
96%
2010erSturm253131Robert Lewandowski
85%
2010er/2020erAbwehr11452*Niklas Süle
78%
2020erMittelfeld4025*Marcel Sabitzer
60%
2010er/2020erMittelfeld4116*Emre Can
56%
2010er/2020erAbwehr/MF20*162Raphael Guerreiro
55%
2010erMittelfeld3814Sebastian Rode
41%
80er/90er/2000erAbwehr55191Jürgen Kohler
29%
2000erMittelfeld2947Torsten Frings
27%
80er/90er/2000erAbwehr95307Stefan Reuter
18%
80er/90erAbwehr191190Thomas Helmer
18%
80er/90erMittelfeld157152Michael Rummenigge
17%
2010er/2020erMittelfeld2242Ivan Perisic
14%
2000erAbwehr9426Robert Kovac
12%
90er/2000erMittelfeld15659Christian Nerlinger
11%
70erAbwehr5152Helmut Nerlinger
11%
90erTorwart81Toni Schumacher
11%
80er/90erSturm58117Jürgen Wegmann
8%
2000er/2010erMittelfeld1315Markus Feulner
4%

Verteilung der Resultate

Perzentil nach korrekt beantworteten Fragen

Anzahl Personen mit jedem Resultat

Ihre Resultats-Entwicklung

Sie haben dieses Quiz seit der letzten Aktualisierung nicht gespielt